Sistemas agrícolas de producción sostenible (Registro nro. 8223)

Detalles MARC
000 -CABECERA
Campo de control 00693nam a22002057a 4500
005 - FECHA Y HORA DE LA ULTIMA TRANSACCION
Campo de control 20140305090524.0
008 - ELEMENTOS DE LONGITUD FIJA—INFORMACION GENERAL
Campo de control 140305b2010 ck ||||| ||||o00| 0 spa d
020 ## - ISBN
ISBN 9789588370200
041 ## - IDIOMA
Código de idioma para texto/pista de sonido o título separado Español
044 ## - PAÍS DE PUBLICACIÓN
País de publicación Colombia
082 04 - NUMERO DE CLASIFICACION DECIMAL DEWEY
Número de clasificación 631.582
Número del ítem C26s
110 1# - ASIENTO PRINCIPAL--NOMBRE CORPORATIVO
Nombre corporativo o de jurisdicción como elemento de entrada Corporación Autónoma Regional de Risaralda CARDER
245 1# - MENCION DE TITULO
Título Sistemas agrícolas de producción sostenible
260 ## - PUBLICACION, DISTRIBUCION, ETC. (PIE DE IMPRENTA)
Lugar de publicación, distribución, etc. Pereira, Risaralda
Nombre del editor, distribuidor, etc. Corporación Autónoma Regional de Risaralda CARDER
Fecha de publicación, distribución, etc. 2010
300 ## - DESCRIPCION FISICA
Extensión 49 p. + 10p. de anexos
Otros detalles físicos fot. (col), tablas
Dimensiones 17 cm.
650 #6 - ASIENTO SECUNDARIO DE MATERIA - TERMINO TEMATICO
Término temático o nombre geográfico como elemento de entrada Rotación de cultivos
650 #6 - ASIENTO SECUNDARIO DE MATERIA - TERMINO TEMATICO
Término temático o nombre geográfico como elemento de entrada Sistemas de cultivo
650 #4 - ASIENTO SECUNDARIO DE MATERIA - TERMINO TEMATICO
Término temático o nombre geográfico como elemento de entrada Producción sostenible
942 ## - ELEMENTOS ADICIONALES (KOHA)
Sistema de clasificación Dewey Decimal Classification
Tipo de ítem Impreso
Existencias
Withdrawn status Lost status Sistema de Clasificación Damaged status No para préstamo Colección Inventariado Ubicación Permanente Ubicación actual Fecha de adquisición Fuente de Valor Valor Total Checkouts Número topográfico Inventario / Código de Barras Date last seen Ejemplar Price effective from Forma de adquisición Tipo de material
    Dewey Decimal Classification     General Inventariado 2017 Bogotá Bogotá 05/03/2014 Instituto 39000.00   LB-631.582 C26s 034002 05/03/2014 Ej. 1 05/03/2014 Canje Libro